[Event "17th Unive Open 2013"]
[Site "Hoogeveen NED"]
[Date "2013.10.21"]
[Round "4.29"]
[White "Zepeda, Lorena"]
[Black "Buckels, Valentin"]
[Result "1-0"]
[WhiteTitle "WIM"]
[WhiteElo "2156"]
[BlackElo "2058"]
[WhiteFideId "6700233"]
[BlackFideId "12942766"]
[EventDate "2013.10.18"]

1. e4 e5 2. Nf3 Nc6 3. Bc4 Bc5 4. c3 Nf6 5. d3 a6 6. Nbd2 Ba7 7. Bb3 d6 8. Nf1
h6 9. Ng3 O-O 10. O-O Be6 11. h3 Qd7 12. Be3 d5 13. Bxa7 Rxa7 14. Qe2 Re8 15.
Nh4 Ne7 16. Bc2 d4 17. f4 exf4 18. Rxf4 Qb5 19. Raf1 Nh7 20. Nhf5 Ng6 21. R4f2
Qxb2 22. cxd4 Qxa2 23. d5 Bxd5 24. Qe3 Raa8 25. Qd4 Re5 26. exd5 Qxd5 27. Qxd5
Rxd5 28. Nh5 Rd7 29. Nfxg7 a5 30. Nf5 Kf8 31. Nxh6 Nh8 32. Bb3 a4 33. Bxf7 Nxf7
34. Rxf7+ Rxf7 35. Rxf7+ Ke8 36. Ng7+ Kd8 37. Ne6+ Kc8 38. Rxh7 Ra5 39. Rxc7+
Kb8 40. Rc1 Ra6 41. Nc5 Rxh6 42. Nxa4 Rd6 43. Rb1 Ka7 44. Kh2 Rxd3 45. Rxb7+ 1-0

[Event "17th Unive Open 2013"]
[Site "Hoogeveen NED"]
[Date "2013.10.21"]
[Round "4.30"]
[White "Kolodkin, Daniil"]
[Black "Sadallah, Osama"]
[Result "1-0"]
[WhiteElo "1981"]
[BlackElo "2114"]
[WhiteFideId "1039776"]
[BlackFideId "1002350"]
[EventDate "2013.10.18"]

1. e4 c5 2. Nf3 g6 3. d4 cxd4 4. Qxd4 Nf6 5. e5 Nc6 6. Qa4 Nd5 7. Qe4 e6 8. c4
Bb4+ 9. Bd2 f5 10. Qc2 Bxd2+ 11. Nbxd2 Ndb4 12. Qc3 b6 13. a3 Na6 14. b4 Ne7 15.
O-O-O Bb7 16. Kb2 Rc8 17. h4 h6 18. Be2 Qc7 19. Rc1 Nb8 20. Nb3 a6 21. Rhd1 Nbc6
22. b5 Na5 23. Nxa5 bxa5 24. a4 Qc5 25. Rd4 Rc7 26. Rcd1 axb5 27. axb5 Bxf3 28.
Bxf3 Qxe5 29. b6 Rc8 30. b7 Rb8 31. Rxd7 Qxc3+ 32. Kxc3 Nd5+ 33. R7xd5 exd5 34.
Rxd5 Rxb7 35. Rxa5 Rb8 36. c5 Rh7 37. c6 Rc7 38. h5 Kf7 39. Kc4 Re8 40. Kc5 Ree7
41. hxg6+ Kxg6 42. Kd6 Kf6 43. Rb5 Rc8 44. Rxf5+ Kxf5 45. Kxe7 Kf4 46. Kd7 Rh8
47. c7 h5 48. c8=Q Rxc8 49. Kxc8 h4 50. Kd7 h3 51. gxh3 Kxf3 1-0

[Event "17th Unive Open 2013"]
[Site "Hoogeveen NED"]
[Date "2013.10.21"]
[Round "4.31"]
[White "Potze, Rudolf"]
[Black "Den Hartog, Marijn"]
[Result "0-1"]
[WhiteElo "2112"]
[BlackElo "1998"]
[WhiteFideId "1008501"]
[BlackFideId "1046098"]
[EventDate "2013.10.18"]

1. e4 e6 2. d4 d5 3. e5 c5 4. c3 Nc6 5. Nf3 Bd7 6. Be2 Qb6 7. O-O Nh6 8. b3 Nf5
9. Be3 Be7 10. g4 Nxe3 11. fxe3 O-O-O 12. Nbd2 f6 13. exf6 gxf6 14. Rf2 e5 15.
dxe5 fxe5 16. Ne1 Bg5 17. Ng2 d4 18. exd4 cxd4 19. Ne4 Be7 20. c4 d3 21. Bf3 Nd4
22. Qxd3 Bc6 23. c5 Nxf3+ 24. Qxf3 Bxc5 25. Qf5+ Bd7 26. Qxe5 Bxf2+ 27. Nxf2
Rhf8 28. Rc1+ Bc6 29. Nf4 Rd2 30. Rc5 Qb4 31. Rc4 Qd6 32. Qxd6 Rxd6 33. a4 Kb8
34. h4 Re8 35. N2d3 Re3 36. g5 Rdxd3 37. Nxd3 Rxd3 38. Rf4 a6 39. Kf2 Rh3 40. b4
Bxa4 41. Kg2 Re3 42. h5 Re5 43. Rf8+ Ka7 44. Rg8 Bd1 0-1

[Event "17th Unive Open 2013"]
[Site "Hoogeveen NED"]
[Date "2013.10.21"]
[Round "4.32"]
[White "Hovenga, Alje"]
[Black "Bos, Robin"]
[Result "1-0"]
[WhiteElo "2177"]
[BlackElo "1908"]
[WhiteFideId "1005812"]
[BlackFideId "1036548"]
[EventDate "2013.10.18"]

1. d4 Nf6 2. Nf3 c5 3. d5 e6 4. c4 b5 5. Qc2 bxc4 6. e4 exd5 7. exd5 Bb7 8. Bxc4
g6 9. O-O d6 10. Re1+ Be7 11. Bh6 Nbd7 12. Nc3 Ng4 13. Qd2 f6 14. Re6 Nde5 15.
Nxe5 Nxe5 16. Bb5+ Kf7 17. Re1 g5 18. f4 gxf4 19. Qxf4 Rg8 20. Be2 Re8 21. Bh5+
Ng6 22. Qf5 Qa5 23. Rf1 Qd8 24. Ne4 Bc8 25. Ng5+ Kg8 26. Bxg6 hxg6 27. Qxg6+ Kh8
28. Nf7# 1-0

[Event "17th Unive Open 2013"]
[Site "Hoogeveen NED"]
[Date "2013.10.21"]
[Round "4.33"]
[White "Martinello, Christian"]
[Black "Slingerland, Caroline"]
[Result "1/2-1/2"]
[BlackTitle "WFM"]
[WhiteElo "2163"]
[BlackElo "2084"]
[WhiteFideId "821969"]
[BlackFideId "1002732"]
[EventDate "2013.10.18"]

1. d4 c5 2. d5 e6 3. c4 exd5 4. cxd5 d6 5. g3 g6 6. Bg2 Bg7 7. Nc3 Nf6 8. Nf3
O-O 9. O-O a6 10. a4 Re8 11. Nd2 Nbd7 12. Qb3 Rb8 13. Nc4 Ne5 14. Bf4 Nxc4 15.
Qxc4 Ng4 16. h3 Ne5 17. Bxe5 Bxe5 18. e3 Bd7 19. Rfc1 Bg7 20. Qe2 Qe7 1/2-1/2

[Event "17th Unive Open 2013"]
[Site "Hoogeveen NED"]
[Date "2013.10.21"]
[Round "4.34"]
[White "Smeets, Pierre"]
[Black "Knol, Geon"]
[Result "1/2-1/2"]
[WhiteElo "2076"]
[BlackElo "2147"]
[WhiteFideId "1043820"]
[BlackFideId "1012142"]
[EventDate "2013.10.18"]

1. d4 c6 2. Nf3 Nf6 3. g3 g6 4. Bg2 Bg7 5. c4 d6 6. O-O O-O 7. Nc3 Na6 8. Re1
Nd7 9. e4 c5 10. d5 Nc7 11. Bf4 f6 12. Qd2 Rb8 13. a4 a6 14. Bf1 Rf7 15. Rab1 a5
16. Bg2 Ne5 17. Nxe5 dxe5 18. Be3 b6 19. f4 f5 20. Rf1 Ne8 21. fxe5 Bxe5 22. Bf4
Bd4+ 23. Kh1 Nc7 24. Bxc7 Qxc7 25. Nb5 Qe5 26. Nxd4 cxd4 27. Rbd1 fxe4 28. Rxf7
Kxf7 29. Qxd4 Qxd4 30. Rxd4 Bd7 31. b3 e6 32. dxe6+ Bxe6 33. Bxe4 Kf6 34. Rd2
Ke5 35. Bg2 Rf8 36. Kg1 g5 37. Bd5 Bh3 38. Bg2 Be6 39. Bd5 Bh3 40. Bg2 Bxg2 41.
Kxg2 g4 42. Rd5+ Ke4 43. Rb5 Rd8 44. Rxb6 Rd2+ 45. Kg1 Rd1+ 46. Kg2 Rd2+ 47. Kg1
Rd1+ 1/2-1/2

[Event "17th Unive Open 2013"]
[Site "Hoogeveen NED"]
[Date "2013.10.21"]
[Round "4.35"]
[White "Vereggen, Lars"]
[Black "Lecomte, Robin"]
[Result "1-0"]
[WhiteElo "2121"]
[BlackElo "2040"]
[WhiteFideId "1029258"]
[BlackFideId "1037170"]
[EventDate "2013.10.18"]

1. d4 Nf6 2. c4 g6 3. Nc3 Bg7 4. e4 d6 5. f3 O-O 6. Be3 c5 7. Nge2 Nc6 8. Qd2
Qa5 9. d5 Ne5 10. Nc1 a6 11. f4 Neg4 12. Bg1 b5 13. Nb3 Qb6 14. h3 Nh6 15. g4 b4
16. Na4 Qc7 17. Qc2 Bd7 18. Naxc5 dxc5 19. e5 Nfxg4 20. hxg4 Bxg4 21. Nxc5 f6
22. Bh3 Bxh3 23. Rxh3 fxe5 24. Ne6 Qd7 25. O-O-O Rxf4 26. Be3 Nf5 27. Bxf4 exf4
28. Rdh1 h6 29. Nxf4 Qd6 30. Rf1 Nd4 31. Qxg6 Qe5 32. Nd3 b3 33. Nxe5 1-0

[Event "17th Unive Open 2013"]
[Site "Hoogeveen NED"]
[Date "2013.10.21"]
[Round "4.37"]
[White "Bakels, Anton"]
[Black "Vos, Tjark"]
[Result "1-0"]
[WhiteElo "2043"]
[BlackElo "2097"]
[WhiteFideId "1046187"]
[BlackFideId "1020870"]
[EventDate "2013.10.18"]

1. e4 e6 2. d4 d5 3. Nc3 Bb4 4. e5 c5 5. a3 Bxc3+ 6. bxc3 Ne7 7. Qg4 Kf8 8. Nf3
Qa5 9. Bd2 Qa4 10. c4 Qxc2 11. dxc5 Na6 12. Rc1 Qa4 13. Be2 Qxa3 14. O-O Qa4 15.
Nd4 Qd7 16. cxd5 Nxd5 17. c6 bxc6 18. Rxc6 Nac7 19. Rd6 Qe8 20. Nb5 Bb7 21. Bb4
Kg8 22. Nxc7 Nxc7 23. Rd3 h5 24. Qxg7+ Kxg7 25. Rg3+ Kh6 26. Bd2+ Kh7 27. Bd3+
f5 28. exf6+ Qg6 29. Rxg6 Rhd8 30. Rg7+ Kh8 31. Rh7+ 1-0

[Event "17th Unive Open 2013"]
[Site "Hoogeveen NED"]
[Date "2013.10.21"]
[Round "4.38"]
[White "Stavast, Dick"]
[Black "Hummel, Paul"]
[Result "1/2-1/2"]
[WhiteElo "2088"]
[BlackElo "2023"]
[WhiteFideId "1014005"]
[BlackFideId "1021168"]
[EventDate "2013.10.18"]

1. Nf3 Nf6 2. g3 d5 3. Bg2 Bg4 4. c4 c6 5. O-O Nbd7 6. cxd5 cxd5 7. d4 e6 8. Nc3
Be7 9. h3 Bh5 10. Bf4 a6 11. a4 O-O 12. g4 Bg6 13. Nh4 Nxg4 14. Nxg6 fxg6 15.
Bg3 Ngf6 16. e4 dxe4 17. Nxe4 Nxe4 18. Bxe4 Nf6 19. Bxb7 Ra7 20. Bg2 Nh5 21. Qg4
Kh8 22. Qxe6 Nxg3 23. fxg3 Qxd4+ 24. Kh1 Bf6 25. Rac1 h6 26. Rc4 Qxb2 27. Qg4
Qe5 28. Qxg6 Qg5 29. Qxg5 hxg5 30. Rfc1 g6 31. Rc7 Rxc7 32. Rxc7 Be5 33. Rc6 Rf6 1/2-1/2

[Event "17th Unive Open 2013"]
[Site "Hoogeveen NED"]
[Date "2013.10.22"]
[Round "5.1"]
[White "Rodshtein, Maxim"]
[Black "Levin, Felix"]
[Result "1-0"]
[WhiteTitle "GM"]
[BlackTitle "GM"]
[WhiteElo "2664"]
[BlackElo "2480"]
[WhiteFideId "2806851"]
[BlackFideId "4650905"]
[EventDate "2013.10.18"]

1. e4 e5 2. Nf3 Nc6 3. Bb5 Nf6 4. d3 d6 5. c3 Be7 6. Nbd2 O-O 7. Nf1 a6 8. Bxc6
bxc6 9. Ng3 Re8 10. O-O Bf8 11. Re1 g6 12. d4 Bg4 13. h3 Bxf3 14. Qxf3 Nd7 15.
Be3 Bg7 16. Rad1 Qb8 17. b3 a5 18. Qg4 Qd8 19. Bg5 f6 20. Bc1 Nf8 21. f4 exf4
22. Qxf4 c5 23. Qf3 cxd4 24. cxd4 a4 25. b4 c6 26. Ne2 d5 27. exd5 Qxd5 28.
Qxd5+ cxd5 29. Nc3 Rxe1+ 30. Rxe1 f5 31. Nxd5 Bxd4+ 32. Be3 Bxe3+ 33. Rxe3 Rd8
34. Re5 Rd6 35. Nc3 a3 36. Ra5 Rd2 37. Rxa3 Ne6 38. b5 Rb2 39. Ra7 Nf4 40. a4
Rxg2+ 41. Kf1 Rb2 42. a5 Ng2 43. Nd5 1-0

[Event "17th Unive Open 2013"]
[Site "Hoogeveen NED"]
[Date "2013.10.22"]
[Round "5.2"]
[White "Okkes, Menno"]
[Black "L'Ami, Erwin"]
[Result "1/2-1/2"]
[WhiteTitle "FM"]
[BlackTitle "GM"]
[WhiteElo "2351"]
[BlackElo "2645"]
[WhiteFideId "1000756"]
[BlackFideId "1007998"]
[EventDate "2013.10.18"]

1. Nf3 Nf6 2. c4 e6 3. g3 d5 4. Bg2 Nbd7 5. Qc2 b6 6. cxd5 Nxd5 7. Nc3 Bb7 8.
Nxd5 Bxd5 9. O-O c5 10. b3 Be7 11. Bb2 Bf6 12. Rac1 O-O 13. d4 Rc8 14. e4 Bb7
15. Qe2 cxd4 16. Nxd4 Nc5 17. Rfd1 Ba6 18. Qe3 Nd3 19. Rxc8 Qxc8 20. Rxd3 Bxd3
21. e5 Be7 22. Qxd3 Rd8 23. Qe2 Qd7 24. Bc6 Qc7 25. Be4 Bb4 26. Kg2 g6 27. Nf3
Qc5 28. h4 Bc3 29. Bxc3 Qxc3 30. Qe3 Qxe3 31. fxe3 Rd1 32. a4 Rc1 33. Nd4 Rc5
34. Kf3 a5 35. Kf4 Kf8 36. Bd3 Rc3 37. Bc4 Ke7 38. Nf3 Rc2 39. Ng5 Rf2+ 40. Ke4
h6 41. Nh3 Rh2 42. Nf4 Rf2 43. g4 h5 44. gxh5 gxh5 45. Nxh5 Rh2 46. Nf6 Rxh4+
47. Kd3 Rh1 48. Ne4 Rh5 49. Kd4 Rh4 50. Kd3 Rh5 51. Kd4 Rh4 52. Bb5 Rh1 53. Be2
Kd7 54. Bb5+ Ke7 55. Nd2 Rh4+ 56. Kd3 Kd8 57. Nc4 Kc7 58. Be8 Rh7 59. Kd4 Rh4+
60. Kd3 Rh7 61. Ke4 Rh4+ 62. Kf3 Rh1 63. Kg4 Rf1 64. Kg5 Kd8 65. Bb5 Kc7 66. Nd6
Rf3 67. Nc4 1/2-1/2

[Event "17th Unive Open 2013"]
[Site "Hoogeveen NED"]
[Date "2013.10.22"]
[Round "5.5"]
[White "Van Kooten, Luuk"]
[Black "Haslinger, Stewart G"]
[Result "0-1"]
[WhiteTitle "FM"]
[BlackTitle "GM"]
[WhiteElo "2375"]
[BlackElo "2543"]
[WhiteFideId "1006533"]
[BlackFideId "405248"]
[EventDate "2013.10.18"]

1. d4 d5 2. c4 c6 3. Nc3 Nf6 4. Nf3 dxc4 5. a4 Na6 6. Ne5 Ng4 7. Nxc4 e5 8. e3
Nb4 9. h3 exd4 10. exd4 Bf5 11. hxg4 Nc2+ 12. Ke2 Nxd4+ 13. Ke1 Nc2+ 14. Ke2
Bxg4+ 15. f3 Qxd1+ 16. Kxd1 Nxa1 17. fxg4 O-O-O+ 18. Nd2 Nb3 19. Bc4 Nxc1 20.
Kxc1 f6 21. Nf3 Bd6 22. Ne4 Rhe8 23. Nxd6+ Rxd6 24. g5 fxg5 25. Rxh7 g4 26. Ng5
Re1+ 27. Kc2 Rg6 28. Kd2 Rg1 29. Ne6 Rxg2+ 30. Ke3 Rg3+ 31. Ke4 Rh3 32. Rxg7
Rxg7 33. Nxg7 Rf3 34. Nf5 Kc7 35. b3 Rf2 36. Ng3 Rf3 37. Ne2 Kd6 38. Nd4 Rf2 39.
Be2 g3 40. Ke3 Kc5 41. Bc4 Rf6 0-1

[Event "17th Unive Open 2013"]
[Site "Hoogeveen NED"]
[Date "2013.10.22"]
[Round "5.6"]
[White "Tania, Sachdev"]
[Black "Rooze, Jan"]
[Result "1-0"]
[WhiteTitle "IM"]
[BlackTitle "FM"]
[WhiteElo "2438"]
[BlackElo "2355"]
[WhiteFideId "5007844"]
[BlackFideId "200050"]
[EventDate "2013.10.18"]

1. d4 Nf6 2. c4 e6 3. Nf3 c5 4. d5 exd5 5. cxd5 d6 6. Nc3 g6 7. Bf4 Bg7 8. Qa4+
Bd7 9. Qb3 Qc7 10. e4 O-O 11. Be2 Nh5 12. Be3 a6 13. O-O Bg4 14. h3 Bxf3 15.
Bxf3 Nf6 16. e5 dxe5 17. d6 Qxd6 18. Qxb7 Nbd7 19. Rad1 Qe6 20. Qc6 Rab8 21. Rd6
Qe8 22. Qxa6 e4 23. Bd1 Rxb2 24. Bb3 Qe5 25. Na4 Nb8 26. Qb6 Nbd7 27. Qc6 Re2
28. Rxd7 Nxd7 29. Qxd7 1-0

[Event "17th Unive Open 2013"]
[Site "Hoogeveen NED"]
[Date "2013.10.23"]
[Round "6.1"]
[White "L'Ami, Erwin"]
[Black "Rodshtein, Maxim"]
[Result "1/2-1/2"]
[WhiteTitle "GM"]
[BlackTitle "GM"]
[WhiteElo "2645"]
[BlackElo "2664"]
[WhiteFideId "1007998"]
[BlackFideId "2806851"]
[EventDate "2013.10.18"]

1. d4 Nf6 2. c4 g6 3. Nc3 d5 4. Nf3 Bg7 5. cxd5 Nxd5 6. Na4 Nb6 7. e4 Bg4 8. Be3
Nc6 9. d5 Ne5 10. Be2 O-O 11. Nxe5 Bxe2 12. Qxe2 Nxa4 13. f4 e6 14. Qc2 Nb6 15.
dxe6 Bxe5 16. fxe5 fxe6 17. h4 Rf7 18. a4 a5 19. h5 gxh5 20. Rxh5 Rg7 21. b3 Qe7
22. Rd1 Qb4+ 23. Kf1 Qf8+ 24. Ke1 Qb4+ 25. Kf1 Qf8+ 26. Ke1 Qb4+ 1/2-1/2

[Event "17th Unive Open 2013"]
[Site "Hoogeveen NED"]
[Date "2013.10.23"]
[Round "6.3"]
[White "Haslinger, Stewart G"]
[Black "Goudriaan, Etienne"]
[Result "1/2-1/2"]
[WhiteTitle "GM"]
[BlackTitle "FM"]
[WhiteElo "2543"]
[BlackElo "2410"]
[WhiteFideId "405248"]
[BlackFideId "1021150"]
[EventDate "2013.10.18"]

1. e4 c5 2. Nf3 d6 3. d4 cxd4 4. Nxd4 Nf6 5. Nc3 a6 6. Be3 e5 7. Nb3 Be6 8. h3
Be7 9. f4 b5 10. fxe5 dxe5 11. Qxd8+ Bxd8 12. Nc5 Nbd7 13. Nxe6 fxe6 14. Bd3 Bb6
15. Bxb6 Nxb6 16. a4 b4 17. a5 bxc3 18. axb6 cxb2 19. Rb1 Kd7 20. Rxb2 Rhb8 21.
b7 Ra7 22. Kd2 Rbxb7 23. Rxb7+ Rxb7 24. Ra1 Ra7 25. Ra5 Kd6 26. Ke3 g5 27. Rxa6+
Rxa6 28. Bxa6 h6 29. Be2 Kc5 30. Kd3 Kd6 31. Bf3 Kc5 32. Bg4 Kd6 33. Ke3 Ng8 34.
c3 Nf6 35. Bd1 Kc5 36. Bb3 Kd6 37. Kf3 Nh5 38. Bc4 Nf6 39. Ba2 Nh5 40. Bb3 Nf6
41. Bc4 Nh5 42. Bd3 Kc5 43. h4 gxh4 44. Kg4 Nf4 45. Bf1 h3 46. gxh3 Kd6 1/2-1/2

[Event "17th Unive Open 2013"]
[Site "Hoogeveen NED"]
[Date "2013.10.23"]
[Round "6.6"]
[White "De Jong, Migchiel"]
[Black "Wagner, Dennis"]
[Result "1/2-1/2"]
[WhiteTitle "IM"]
[BlackTitle "IM"]
[WhiteElo "2345"]
[BlackElo "2481"]
[WhiteFideId "1002848"]
[BlackFideId "24650684"]
[EventDate "2013.10.18"]

1. e4 c5 2. Nf3 e6 3. g3 Nc6 4. Bg2 Nf6 5. Qe2 e5 6. O-O Be7 7. c3 O-O 8. Na3
Re8 9. d3 h6 10. Nc4 Bf8 11. Ne3 d5 12. Nh4 Be6 13. Nhf5 d4 14. Ng4 Nxg4 15.
Qxg4 g6 16. Bxh6 Bxh6 17. Nxh6+ Kf8 18. Nf5 gxf5 19. exf5 Bd7 20. f4 Qf6 21. Qh5
Ke7 22. Bxc6 Qxc6 23. fxe5 Kd8 24. e6 fxe6 25. Qh4+ Kc7 26. cxd4 Qd5 27. Qf4+ e5
28. dxe5 Rxe5 29. Rae1 Re8 30. f6 Bc6 31. Re4 Kb6 32. f7 Rxe4 33. dxe4 Qd4+ 34.
Rf2 Rxe4 35. Qd2 Re1+ 36. Qxe1 Qd5 37. Kf1 Bb5+ 38. Kg1 Bc6 39. Kf1 Bb5+ 40. Kg1 1/2-1/2

[Event "17th Unive Open 2013"]
[Site "Hoogeveen NED"]
[Date "2013.10.23"]
[Round "6.8"]
[White "Hendriks, Willy"]
[Black "Kerigan, Demre"]
[Result "0-1"]
[WhiteTitle "IM"]
[WhiteElo "2407"]
[BlackElo "2288"]
[WhiteFideId "1000713"]
[BlackFideId "6307841"]
[EventDate "2013.10.18"]

1. e4 e5 2. Bc4 Nf6 3. d3 c6 4. Nf3 d5 5. Bb3 Bb4+ 6. Bd2 Bxd2+ 7. Qxd2 dxe4 8.
Nxe5 O-O 9. dxe4 Qe7 10. Qf4 Nh5 11. Bxf7+ Kh8 12. Qg3 Rxf7 13. Nxf7+ Qxf7 14.
Qd6 Be6 15. Nd2 Nd7 16. O-O-O Re8 17. f3 Nf4 18. g3 Ne2+ 19. Kb1 Bxa2+ 20. Ka1
Re5 21. b3 Re6 22. Qa3 c5 23. Nc4 Ra6 24. Qxa6 bxa6 25. Kxa2 Nc3+ 26. Kb2 Nxd1+
27. Rxd1 h6 28. f4 Nb6 29. Ne5 Qb7 30. f5 Na4+ 31. Kc1 Qxe4 32. Ng6+ Kh7 33.
bxa4 Qxf5 34. Nf4 Qe4 35. Rd5 c4 36. Kb2 Qe1 37. c3 Qf2+ 38. Ka3 Qb6 0-1

[Event "17th Unive Open 2013"]
[Site "Hoogeveen NED"]
[Date "2013.10.24"]
[Round "7.1"]
[White "Tania, Sachdev"]
[Black "Moskalenko, Viktor1"]
[Result "0-1"]
[WhiteTitle "IM"]
[BlackTitle "GM"]
[WhiteElo "2438"]
[BlackElo "2520"]
[WhiteFideId "5007844"]
[BlackFideId "14100100"]
[EventDate "2013.10.18"]

1. d4 f5 2. g3 Nf6 3. Bg2 g6 4. c4 Bg7 5. Nf3 d6 6. Nc3 O-O 7. O-O c6 8. b3 Qc7
9. Bb2 e5 10. d5 Na6 11. Rc1 Qe7 12. Qd2 c5 13. Ng5 Nc7 14. e4 f4 15. gxf4 Nh5
16. f5 Nf4 17. h4 gxf5 18. f3 Bh6 19. Ne2 Ng6 20. Qe1 f4 21. Rc2 Bxg5 22. hxg5
Qxg5 23. Rf2 Nh4 24. Kf1 Rf6 25. Ng1 Rg6 0-1

[Event "17th Unive Open 2013"]
[Site "Hoogeveen NED"]
[Date "2013.10.24"]
[Round "7.3"]
[White "Kerigan, Demre"]
[Black "L'Ami, Erwin"]
[Result "1/2-1/2"]
[BlackTitle "GM"]
[WhiteElo "2288"]
[BlackElo "2645"]
[WhiteFideId "6307841"]
[BlackFideId "1007998"]
[EventDate "2013.10.18"]

1. e4 c6 2. d4 d5 3. e5 Bf5 4. Nd2 e6 5. Nb3 Nd7 6. Nf3 Ne7 7. Be2 Nc8 8. O-O
Be7 9. a4 O-O 10. a5 a6 11. c4 Na7 12. Be3 dxc4 13. Nbd2 Bd3 14. Nxc4 Bg6 15.
Bd3 Nb5 16. Ne1 Nc7 17. Qb3 Rb8 18. Bxg6 fxg6 19. Nd3 Nd5 20. Bd2 h6 21. Ne3 Nc7
22. g3 Rf7 23. Nf4 Nf8 24. Qd3 g5 25. Ng6 Nxg6 26. Qxg6 Qe8 27. Ng4 Kh8 28. Qe4
Qg8 29. Kg2 Rd8 30. Bc3 Rdf8 31. Ne3 Qh7 32. f3 Rd8 33. Rad1 Nd5 34. Nc4 Kg8 35.
Rd2 Qf5 36. Qxf5 exf5 37. Re1 f4 38. g4 Rff8 39. Rd3 Kf7 40. Red1 h5 41. h3 Ke6
42. Be1 g6 43. Bf2 Rh8 44. Rb3 Rd7 45. Nd2 c5 46. dxc5 Rc8 47. Rc1 1/2-1/2

[Event "17th Unive Open 2013"]
[Site "Hoogeveen NED"]
[Date "2013.10.24"]
[Round "7.5"]
[White "Goudriaan, Etienne"]
[Black "Levin, Felix"]
[Result "1/2-1/2"]
[WhiteTitle "FM"]
[BlackTitle "GM"]
[WhiteElo "2410"]
[BlackElo "2480"]
[WhiteFideId "1021150"]
[BlackFideId "4650905"]
[EventDate "2013.10.18"]

1. d4 Nf6 2. c4 e6 3. Nc3 d5 4. cxd5 exd5 5. Bg5 c6 6. Qc2 Be7 7. e3 Nbd7 8. Bd3
Nh5 9. Bxe7 Qxe7 10. O-O-O Nb6 11. h3 g6 12. Nf3 Be6 13. Kb1 Ng7 14. g4 O-O-O
15. Ka1 Kb8 16. Na4 Nxa4 17. Qxa4 Ne8 18. Rc1 Nd6 19. Rc3 Bd7 20. Ra3 Nc8 21.
Qa5 f6 22. Rg1 g5 23. Nd2 h5 24. Nb3 b6 25. Qa6 hxg4 26. hxg4 Be8 27. Bf5 Qb7
28. Qe2 Nd6 29. Bd3 Qe7 30. Nd2 Bd7 31. Qf3 Bc8 32. Rc3 Bb7 33. Rcc1 Rde8 34.
Qg3 Ka8 35. a3 Rc8 36. Rh1 Rxh1 37. Rxh1 c5 38. Nb1 Ne4 39. Bxe4 Qxe4 40. Rd1
cxd4 41. exd4 Ba6 42. Nc3 Qc2 43. Re1 Qd2 44. Qe3 Qxe3 45. Rxe3 Bc4 46. Kb1 Bb3
47. Kc1 Rc4 48. Rd3 b5 49. Kd2 b4 50. axb4 Rxb4 51. Ke3 Bc4 52. Rd2 1/2-1/2

[Event "17th Unive Open 2013"]
[Site "Hoogeveen NED"]
[Date "2013.10.25"]
[Round "8.2"]
[White "Pel, Bonno"]
[Black "Rodshtein, Maxim"]
[Result "0-1"]
[WhiteTitle "FM"]
[BlackTitle "GM"]
[WhiteElo "2291"]
[BlackElo "2664"]
[WhiteFideId "1004760"]
[BlackFideId "2806851"]
[EventDate "2013.10.18"]

1. g3 d5 2. Bg2 e5 3. d3 Nf6 4. Nf3 Bd6 5. O-O O-O 6. Nc3 c6 7. e4 h6 8. Nh4 Bg4
9. Qe1 Na6 10. exd5 Nb4 11. h3 Bh5 12. g4 Nfxd5 13. Nf5 Bg6 14. Nxd6 Qxd6 15.
Qd1 f5 16. gxf5 Bxf5 17. Ne4 Qd7 18. a3 Na6 19. Qh5 Nac7 20. Kh2 Ne6 21. Rg1 Kh8
22. Be3 Ndf4 23. Qh4 Kh7 24. Bf1 Nd4 25. Bxd4 Qxd4 26. c3 Qb6 27. Qg3 g6 28. b4
Bxe4 29. dxe4 Rad8 30. Ra2 Rd6 31. Bc4 Rfd8 32. Kh1 Qc7 33. Re1 Rd1 34. Ra1 R1d2
35. Bf1 Qf7 36. Qf3 Qb3 37. Reb1 Qc2 38. Rc1 Rxf2 39. Rxc2 Rxf3 40. Re1 Nxh3 41.
Bg2 Rf2 42. Rxf2 Nxf2+ 43. Kg1 Ng4 0-1

[Event "17th Unive Open 2013"]
[Site "Hoogeveen NED"]
[Date "2013.10.25"]
[Round "8.5"]
[White "Hopman, Pieter"]
[Black "Goudriaan, Etienne"]
[Result "0-1"]
[WhiteTitle "FM"]
[BlackTitle "FM"]
[WhiteElo "2338"]
[BlackElo "2410"]
[WhiteFideId "1005669"]
[BlackFideId "1021150"]
[EventDate "2013.10.18"]

1. Nf3 Nf6 2. b3 b6 3. Bb2 e6 4. e3 c5 5. d4 cxd4 6. exd4 Bb7 7. Nbd2 Be7 8. Bd3
O-O 9. O-O d6 10. Re1 Nbd7 11. Nf1 Rc8 12. Ng3 Rc7 13. Ng5 Qa8 14. Nf5 exf5 15.
Rxe7 h6 16. d5 Nxd5 17. Ne6 Nxe7 18. Nxc7 Qb8 19. Nb5 Ne5 20. f4 N5g6 21. g3 Ba8
22. Kf2 Qb7 23. Qg1 Nd5 24. Ke1 Nb4 25. Kd2 Nxd3 26. cxd3 Qd5 27. Nc3 Qc6 28.
Re1 Rc8 29. Qd4 Nf8 30. b4 Ne6 31. Qe3 d5 32. Qf3 Qd6 33. d4 Qxb4 34. Kc1 Nxd4
35. Qd3 Ne6 36. a3 Qb3 37. Re3 d4 38. Qa6 Rf8 0-1

[Event "17th Unive Open 2013"]
[Site "Hoogeveen NED"]
[Date "2013.10.25"]
[Round "8.6"]
[White "Van Kooten, Luuk"]
[Black "Kerigan, Demre"]
[Result "1-0"]
[WhiteTitle "FM"]
[WhiteElo "2375"]
[BlackElo "2288"]
[WhiteFideId "1006533"]
[BlackFideId "6307841"]
[EventDate "2013.10.18"]

1. d4 g6 2. c4 Bg7 3. e4 d6 4. Nc3 Nf6 5. Bd3 O-O 6. Nge2 Nc6 7. O-O e5 8. d5
Nd4 9. Rb1 c5 10. dxc6 bxc6 11. b4 Nd7 12. Na4 Rb8 13. Nxd4 exd4 14. f4 Qc7 15.
Bd2 Nf6 16. Qf3 Bg4 17. Qg3 Rbe8 18. Rbe1 Bc8 19. f5 Re5 20. Bg5 Qe7 21. c5 dxc5
22. Nxc5 Re8 23. fxg6 fxg6 24. Qh4 Rf8 25. Bc4+ Kh8 26. Nd3 Rxe4 27. Bxf6 Rxe1
28. Bxg7+ Kxg7 29. Qxe1 Rxf1+ 30. Kxf1 Qf6+ 31. Kg1 1-0